| 000 | 00459nam a2200109Ia 4500 | ||
|---|---|---|---|
| 008 | 160909s9999 xx 000 0 und d | ||
| 100 | _aButcher, Clarence C. | ||
| 245 | 3 | _aAn Integrated Approach to Health and Wellness in an Underserved African-American Community - A Design Project Focused on Community Engagement | |
| 260 |
_bThe George Washington University. _c2016 |
||
| 650 | _aCULINARY | ||
| 856 | _uhttp://pqdtopen.proquest.com/doc/1807964256.html?FMT=ABS | ||
| 999 |
_c304964 _d304964 |
||